Top 50 Countries Hosting The Most Refugees - Statistics

General Stats
  • This quiz has been taken 169 times
  • The average score is 36 of 50
Answer Stats
Total Country % Correct
1.6 mil United States
99%
810.000 United Kingdom
98%
1.8 mil Germany
95%
830.000 Russia
94%
4.0 mil Turkey
94%
400.000 Canada
93%
1.3 mil France
93%
950.000 Brazil
91%
798.000 Iran
90%
325.000 Italy
90%
300.000 China
89%
350.000 Spain
89%
305.000 Mexico
88%
4.3 mil Poland
86%
11.2 mil Colombia
85%
320.000 Egypt
85%
570.000 Sweden
85%
1.4 mil Iraq
83%
345.000 Argentina
81%
1.5 mil Pakistan
80%
7.5 mil Ethiopia
79%
650.000 Chile
77%
615.000 Nigeria
77%
920.000 Romania
76%
3.6 mil Sudan
76%
1.5 mil Peru
75%
645.000 Thailand
75%
2.2 mil Bangladesh
73%
4.7 mil DR Congo
73%
490.000 Kenya
73%
1.2 mil Lebanon
72%
230.000 Austria
70%
525.000 Ecuador
68%
3.1 mil Jordan
67%
275.000 Bulgaria
65%
4.0 mil Uganda
63%
670.000 Hungary
62%
430.000 Mali
62%
972.000 Chad
60%
330.000 Czech Republic
60%
1.0 mil Cameroon
59%
510.000 Slovakia
56%
2.4 mil South Sudan
54%
1.1 mil Myanmar
50%
726.000 Central African Republic
49%
440.000 Moldova
47%
815.000 Mozambique
40%
660.000 Azerbaijan
36%
945.000 Ivory Coast
34%
1.1 mil Burkina Faso
31%
No matching quizzes found
Score Distribution
Percent of People with Each Score
Percentile by Number Answered
Your Score History
You have not taken this quiz